Nennen Sie die autonomen Gemeinschaften und Städte in Spanien. - Statistiken

Allgemein
  • Dieses Quiz wurde 20 mal gespielt
  • Das Durchschnittsergebnis liegt bei 14 aus 60
Antwortstatistiken
Hint Antwort % Korrekt
13 Madrid
84%
10 Barcelona
74%
17 Valencia
68%
1 Sevilla
63%
1 Andalusien
53%
10 Katalonien
47%
14 Murcia
42%
14 Murcia
42%
14 Murcia
42%
4 Palma
37%
2 Saragossa
37%
2 Aragón
32%
18 Ceuta
32%
18 Ceuta
32%
18 Ceuta
32%
16 La Rioja
32%
16 La Rioja
32%
15 Navarra
32%
15 Navarra
32%
11 Extremadura
26%
11 Extremadura
26%
12 Galicia
26%
19 Melilla
26%
19 Melilla
26%
19 Melilla
26%
3 Asturien
21%
8 Castilla-La Mancha
21%
9 Castilla y León
21%
12 Galicien
21%
6 Kanarische Inseln
21%
6 Kanarische Inseln
21%
7 Santander
21%
8 Toledo
21%
1 Andalucía
16%
7 Cantabria
16%
10 Catalunya
16%
4 Balearische Inseln
11%
6 Canarias
11%
6 Canarias
11%
7 Kantabrien
11%
8 Kastilien-La Mancha
11%
3 Oviedo
11%
15 Pamplona
11%
12 Santiago de Compostela
11%
9 Valladolid
11%
2 Aragonien
5%
3 Asturies
5%
13 Autonome Gemeinschaft Madrid
5%
13 Comunidad de Madrid
5%
9 Kastilien und León
5%
6 Las Palmas de Gran Canaria
5%
16 Logroño
5%
11 Mérida
5%
6 Santa Cruz de Tenerife
5%
17 Valencianische Gemeinschaft
5%
5 Vitoria Gasteiz
5%
5 Autonome Gemeinschaft Baskenland
0%
17 Comunitat Valenciana
0%
5 Euskal Autonomia Erkidegoa
0%
4 Illes Balears
0%
Keine übereinstimmenden Quizze gefunden
Verteilung der Resultate
Anzahl Personen mit jedem Resultat
Perzentil nach korrekt beantworteten Fragen
Ihre Resultats-Entwicklung
Sie haben dieses Quiz noch nicht gespielt